Les plus grandes villes de Corée du Sud - Statistiques

Statistiques générales
  • Ce quiz a été pris 1 265 fois
  • Le résultat moyen est 4 sur 10
Statistiques - réponses
Population Villes % Correct
10 183 705 Séoul
100%
3 655 349 Busan
91%
2 590 863 Incheon
54%
2 520 679 Daegu
53%
1 402 446 Gwangju
30%
1 084 882 Ulsan
29%
1 451 792 Daejeon
22%
1 034 735 Suwon
21%
893 372 Goyang
8%
984 260 Seongnam
6%
Aucun quiz correspondant
Distribution des résultats
% des personnes avec chaque résultat
Percentile par nombre de réponses
Votre historique - résultats
Vous n’avez pas pris ce quiz